Business market management: Understanding, creating and developing value (Record no. 136751)

MARC details
000 -LEADER
fixed length control field 00402nam a2200145Ia 4500
008 - FIXED-LENGTH DATA ELEMENTS--GENERAL INFORMATION
fixed length control field 230917s9999||||xx |||||||||||||| ||und||
040 ## - CATALOGING SOURCE
-- 144871
Original cataloging agency VIVEKANANDA LIBRARY
041 ## - Language
-- English
082 ## - DDC NUMBER
Classification number 658.8 A23B
100 ## - MAIN ENTRY--PERSONAL NAME
Personal name Anderson, James C
245 #0 - TITLE STATEMENT
Title Business market management: Understanding, creating and developing value
260 ## - PUBLICATION, DISTRIBUTION, ETC. (IMPRINT)
Place of publication, distribution, etc Delhi
Name of publisher, distributor, etc Pearson Education
Date of publication, distribution, etc 2004
300 ## - PHYSICAL DESCRIPTION
Pages 479 p.
942 ## - ADDED ENTRY ELEMENTS (KOHA)
Koha item type Books
Holdings
Withdrawn status Lost status Damaged status Not for loan Location (home branch) Sublocation or collection (holding branch) Date acquired Koha issues (times borrowed) Koha full call number Accession No. Koha date last seen Koha item type Shelving location
        VIVEKANANDA LIBRARY VIVEKANANDA LIBRARY 12/03/2010   658.8 A23B 237979 17/09/2023 Books  
        VIVEKANANDA LIBRARY VIVEKANANDA LIBRARY 12/03/2010   658.8 A23B 277844 17/09/2023 Books IHTM Library
        VIVEKANANDA LIBRARY VIVEKANANDA LIBRARY 12/03/2010   658.8 A23B 277845 17/09/2023 Books IHTM Library
        VIVEKANANDA LIBRARY VIVEKANANDA LIBRARY 12/03/2010   658.8 A23B 277846 17/09/2023 Books IHTM Library
© Designed and Maintained by Vivekananda Library, MDU Rohtak